LEADER 05784 am 22010453u 450 001 9910136393003321 005 20231121051245.0 010 $a1-4426-6414-2 010 $a1-4426-6413-4 024 7 $a10.3138/9781442664135 035 $a(CKB)3710000000610935 035 $a(EBL)4454660 035 $a(OCoLC)945216618 035 $a(MiAaPQ)EBC4670316 035 $a(OOCEL)451186 035 $a(OCoLC)946889054 035 $a(CaBNVSL)thg00970939 035 $a(MiAaPQ)EBC4454660 035 $a(DE-B1597)498425 035 $a(DE-B1597)9781442664135 035 $a(OCoLC)1048747950 035 $a(ScCtBLL)eee5e795-7f77-47e9-9f6e-b36ec7531d11 035 $a(oapen)https://directory.doabooks.org/handle/20.500.12854/29814 035 $a(OCoLC)1410115255 035 $a(MdBmJHUP)musev2_109071 035 $a(PPN)224970194 035 $a(EXLCZ)993710000000610935 100 $a20191221d2018 fg 101 0 $aeng 135 $aurbn#---|||uu 181 $ctxt$2rdacontent 182 $cc$2rdamedia 183 $acr$2rdacarrier 200 00$aFact and Fiction $eLiterary and Scientific Cultures in Germany and Britain /$fChristine Lehleiter 210 $cUniversity of Toronto Press$d2016 210 1$aToronto :$cUniversity of Toronto Press,$d[2018] 210 4$dİ2016 215 $a1 online resource (367 pages) $cillustrations 225 0 $aOpen Access e-Books. 225 0 $aKnowledge Unlatched. 311 $a1-4875-1140-X 311 $a1-4426-4598-9 320 $aIncludes bibliographical references and index. 327 $aIntroduction. Fact and fiction : literary and scientific cultures in Germany and Britain -- thoughts on a contentious relationship / Christine Lehleiter -- Facts are what one makes of them : constructing the Faktum in the Enlightenment and early German Romanticism / Jocelyn Holland -- The competing structures of signification in Samuel Hahnemann's Homeopathy : between 18th-century Semiosis and Romantic Hermeneutics / Alice Kuzniar -- "She comes! the GODDESS!" : narrating nature in Erasmus Darwin's The Botanic Garden (1791) / Ann Shteir -- Elective affinities/Wahlverwandtschaften : the career of a metaphor / Christian P. Weber -- Physics disarmed : probabilistic knowledge in the works of James Clerk Maxwell and George Eliot / Tina Young Choi -- Herder's unsettling of the distinction between fact and fiction / John K. Noyes -- Fictional feedback : empirical souls and self-deception in the Magazine for empirical psychology and beyond / Michael House -- Fictional feelings : psychological aesthetics and the paradox of tragic pleasure / Tobias Wilke -- Coining a discipline : Lessing, Reimarus, and a science of religion / Stefani Engelstein -- Kin selection, Mendel's "Salutary Principle," and the fate of characters in Forster's The longest journey / Daniel Aureliano Newman -- Anatomy collections in and of the mind : science, the body and language in the writings of Durs Gru?nbein and Thomas Hettche / Peter M. McIsaac -- Vivifying the uncanny : ethnographic mannequins and exotic performers in nineteenth-century German exhibition culture / A. Dana Weber. 330 $a"Fact and Fiction explores the intersection between literature and the sciences, focusing on German and British culture between the eighteenth century and today. Observing that it was in the eighteenth century that the divide between science and literature as disciplines first began to be defined, the contributors to this collection probe how authors from that time onwards have assessed and affected the relationship between literary and scientific cultures"--$cFrom publisher's website. 606 $aGerman literature$y18th century$xHistory and criticism 606 $aEnglish literature$y18th century$xHistory and criticism 606 $aLiterature and science$zGermany$xHistory$y18th century 606 $aLiterature and science$zGreat Britain$xHistory$y18th century 606 $aScience in literature 606 $aKnowledge, Theory of, in literature 607 $aGermany$2fast 607 $aGreat Britain$2fast 607 $aDeutschland$2gnd 607 $aGrossbritannien$2gnd 608 $aHistory. 608 $aCriticism, interpretation, etc. 608 $aElectronic books. 610 $a(fast)1700 - 1799 610 $a(lcsh)German literature--18th century--History and criticism. 610 $a(lcsh)English literature--18th century--History and criticism. 610 $a(lcsh)Literature and science--Germany--History--18th century. 610 $a(lcsh)Literature and science--Great Britain--History--18th century. 610 $a(lcsh)Science in literature. 610 $a(lcsh)Knowledge, Theory of, in literature. 610 $a(fast)English literature. 610 $a(fast)German literature. 610 $a(fast)Knowledge, Theory of, in literature. 610 $a(fast)Literature and science. 610 $a(fast)Science in literature. 610 $a(fast)Germany. 610 $a(fast)Great Britain. 610 $a(fast)Criticism, interpretation, etc. 610 $a(fast)History. 615 0$aGerman literature$xHistory and criticism. 615 0$aEnglish literature$xHistory and criticism. 615 0$aLiterature and science$xHistory 615 0$aLiterature and science$xHistory 615 0$aScience in literature. 615 0$aKnowledge, Theory of, in literature. 676 $a830.9/36 686 $aDB 1000$2rvk 700 $aLehleiter$b Christine$4auth$01157632 702 $aLehleiter$b Christine$4edt$4http://id.loc.gov/vocabulary/relators/edt. 801 0$bDE-B1597 801 1$bDE-B1597 906 $aBOOK 912 $a9910136393003321 996 $aFact and Fiction$93360907 997 $aUNINA LEADER 01644nam 2200517Ia 450 001 9910782189503321 005 20230617002946.0 035 $a(CKB)1000000000522635 035 $a(OCoLC)191935675 035 $a(CaPaEBR)ebrary10171158 035 $a(SSID)ssj0000277747 035 $a(PQKBManifestationID)11192692 035 $a(PQKBTitleCode)TC0000277747 035 $a(PQKBWorkID)10254289 035 $a(PQKB)10031809 035 $a(MiAaPQ)EBC3110339 035 $a(Au-PeEL)EBL3110339 035 $a(CaPaEBR)ebr10171158 035 $a(OCoLC)922977679 035 $a(EXLCZ)991000000000522635 100 $a20030227d2003 uy 0 101 0 $aeng 135 $aurcn||||||||| 181 $ctxt 182 $cc 183 $acr 200 10$aCentury of endeavour$b[electronic resource] $ea biographical and autobiographical view of the 20th century in Ireland /$fRoy H.W. Johnston 210 $aBethesda, Md. $cAcademica Press$d2003 215 $a1 online resource (584 p.) 225 1 $aIrish research series ;$v46 300 $aBibliographic Level Mode of Issuance: Monograph 311 $a1-930901-76-3 320 $aIncludes bibliographical references and index. 410 0$aIrish research series ;$v46. 607 $aIreland$xHistory 607 $aIreland$xHistory$y20th century 607 $aIreland$xHistory$y20th century$vBiography 676 $a941.7082/092/2 700 $aJohnston$b Roy H. W.$f1930-$01558399 801 0$bMiAaPQ 801 1$bMiAaPQ 801 2$bMiAaPQ 906 $aBOOK 912 $a9910782189503321 996 $aCentury of endeavour$93822714 997 $aUNINA LEADER 01045nam0 22002771i 450 001 UON00028964 005 20231205102051.906 100 $a20020107d1975 |0itac50 ba 101 $aeng 102 $aJP 105 $a|||| 1|||| 200 1 $aMetallurgical Remains of Ancient China$fNoel Barnard & Sato Tamotsu 210 $aTokyo$cNichiosha$d1975 215 $axxx, 343 p.$cill. , tavole$d38 cm 606 $aMETALLI$xCINA$3UONC001194$2FI 620 $aJP$dTo?kyo?$3UONL000031 686 $aCIN IX E$cCINA - ARTI - METALLI$2A 700 1$aBARNARD$bNoel$3UONV019569$0644421 701 0$aSATO Tamotsu$3UONV019570$0644422 712 $aNichiosha$3UONV250781$4650 801 $aIT$bSOL$c20240220$gRICA 899 $aSIBA - SISTEMA BIBLIOTECARIO DI ATENEO$2UONSI 912 $aUON00028964 950 $aSIBA - SISTEMA BIBLIOTECARIO DI ATENEO$dSI GF CIN 015 $eSI SA 12648 7 015 996 $aMetallurgical Remains of Ancient China$91187416 997 $aUNIOR